| 000 | 00944nac a22002651u 4500 | ||
|---|---|---|---|
| 010 | _a 69010436 | ||
| 020 | _a0521071062 | ||
| 082 | 0 | 0 |
_a669.94 _bZIM |
| 090 |
_c7599 _d7599 |
||
| 100 | _aZiman, J. M. [ed.] | ||
| 245 | 0 | 4 |
_aThe Physics of metals: _cedited by J. M. Ziman. |
| 260 |
_aLondon, _bCambridge U.P.,c.1969-1975. _cc.1969-1975. |
||
| 300 |
_a2 v. _bplates, illus., port. _c24 cm. |
||
| 500 | _aVolume 2 edited by P. B. Hirsch. | ||
| 500 | _aA festschrift on the occasion of Sir Nevill Mott's 60th birthday. | ||
| 500 | _aDistributer: Al-Ahram. | ||
| 504 | _aBibliography: v. 1. p. 409-424. | ||
| 505 | 0 | _aElectrons.--2. Defects. | |
| 511 | _aCatalogued By: Mahitab. | ||
| 650 | 0 | _aPhysical metallurgy. | |
| 700 | 1 |
_aZiman, J. M. _q(John M.), _d1925- |
|
| 700 | 1 |
_aMott, N. F. _q(Nevill Francis), _cSir, _d1905- |
|
| 700 | 1 |
_aHirsch, P. B. _q(Peter Bernhard) |
|
| 942 |
_cBB _k669.94ZIM |
||
| 999 |
_c7599 _d7599 |
||